000 00794nam a22001457a 4500
999 _c63534
_d63534
003 Ge_BSU
005 20251031155252.0
008 251027s1994 ge ||||| |||| 00| 0 geo d
041 _ageo
080 _a657.15 ბ-98
245 _aბუღალტრული აღრიცხვის საერთაშორისო სტანდარტი ბასს 27 :
_bკონსოლიდირებული ფინანსური ანგარიშგება და შვილობილ საწარმოებში დაბანდებული ინვესტიციების ბუღალტრული აღრიცხვა.
264 _aთბილისი,
_c1994.
300 _a20 გვ.;
_b21 სმ.
942 _2udc
_cᲬᲘᲒᲜᲘ